000
00265nam a2200109Ia 4500
008
200302s9999 xx 000 0 und d
100
_a
Author
245
_a
Architectural Ideas
260
_b
White Flag Media & Communication Ltd.,
260
_c
2011
300
_a
217 P.,
999
_c
2993
_d
2993